| 000 | 00553nam a2200217 a 4500 | ||
|---|---|---|---|
| 999 |
_c11370 _d11370 |
||
| 001 | 11370 | ||
| 003 | BD-JhCC | ||
| 005 | 20191213134007.0 | ||
| 008 | 190902s i |||| |||| 000 0 eng d | ||
| 035 | _a(BD-JhCC)11370 | ||
| 040 |
_aBD-JhCC _dBD-JhCC |
||
| 041 | _aeng | ||
| 082 |
_a923.1 _bCHA |
||
| 100 | _aCharnwood, Lord | ||
| 245 |
_aA complete biography of Abraham Lincoln / _cLord Charnwood, |
||
| 260 |
_aNew Delhi : _bMG Books, |
||
| 300 |
_a416 p. : _c20 cm. |
||
| 600 | _aLincoln, Abraham | ||
| 650 | _aBiography | ||
| 942 |
_2ddc _cBK _03 |
||